Gwiazdy lat 2010. według zdjęcia #1 - Statystyki

Ogólne statystyki
  • Ten quiz został rozwiązany 14 razy
  • Średni wynik to 13 z 20
Statystyki odpowiedzi
Obrazkowy Odpowiedź % Poprawnych
Cristiano Ronaldo
100%
Justin Bieber
100%
Ariana Grande
92%
Shakira
92%
Ryan Gosling
85%
Emma Stone
77%
Scarlett Johansson
77%
Dwayne Johnson
69%
Katy Perry
69%
Lady Gaga
69%
Michael Phelps
62%
Miley Cyrus
62%
Bradley Cooper
54%
Michelle Obama
54%
Benedict Cumberbatch
46%
Chris Hemsworth
46%
Jennifer Lawrence
46%
Chris Pratt
31%
Amy Adams
23%
Anna Kendrick
15%
Nie znaleziono quizów pasujących do podanych kryteriów
Rozkład punktacji
Procent ludzi z każdym wynikiem
Percentyl według liczby udzielonych odpowiedzi
Twoja historia wyników
Nie rozwiązałeś tego quizu